| 000 | 00427nam a2200169Ia 4500 | ||
|---|---|---|---|
| 005 | 20250423094713.0 | ||
| 008 | 250422s9999 xx 000 0 und d | ||
| 020 | _a9780302786 | ||
| 050 | _aKP 77 .O4/ | ||
| 100 | _aOlueyede, P. A. | ||
| 245 | 0 | _aCases and materials on constitutional law in Nigeria | |
| 260 | _aIbadan | ||
| 260 | _bUniversity Press | ||
| 260 | _c2006 | ||
| 650 | _aConstitution --Nigeria | ||
| 942 | _cBK | ||
| 999 |
_c28040 _d28040 |
||